| 000 -LEADER |
| fixed length control field |
01055nam a22002057a 4500 |
| 003 - CONTROL NUMBER IDENTIFIER |
| control field |
OSt |
| 005 - DATE AND TIME OF LATEST TRANSACTION |
| control field |
20260123085014.0 |
| 008 - FIXED-LENGTH DATA ELEMENTS--GENERAL INFORMATION |
| fixed length control field |
230227b ||||| |||| 00| 0 eng d |
| 040 ## - CATALOGING SOURCE |
| Transcribing agency |
Ost |
| 041 ## - LANGUAGE CODE |
| Language code of text/sound track or separate title |
Shan |
| 082 ## - DEWEY DECIMAL CLASSIFICATION NUMBER |
| Classification number |
294.34433 |
| 245 ## - TITLE STATEMENT |
| Title |
ထမ်းဝႆႈၽြႃးၸဝ်ႈၵၢင်ၶမ်ႈၵၢင်ၼႂ် |
| Remainder of title |
ဝတ်ႉၽထၢတ်ႈတွၼ်းႁိူင်းမိူင်းၽူင်း |
| Statement of responsibility, etc. |
ၸဝ်ႈဝီႇရိယ မႁႃႇၶၼ်ႇတီႇ (ဝဵင်းမေႃႇလမႅင်ႇ) ၶပ်းၶိုင်- |
| 260 ## - PUBLICATION, DISTRIBUTION, ETC. |
| Place of publication, distribution, etc. |
[ဝဵင်း] |
| Name of publisher, distributor, etc. |
[တီႈ] |
| Date of publication, distribution, etc. |
2002 |
| 300 ## - PHYSICAL DESCRIPTION |
| Extent |
40 ၼႃႈ |
| Dimensions |
20 ၸိၼ်ႇထီႇ |
| 500 ## - GENERAL NOTE |
| General note |
ပပ်ႉမၢႆ 1730 ၼႆႉတႄႉ ပဵၼ်ပပ်ႉၸဝ်ႈတႃႇၼႁၢင်းၶေႃ ပပ်ႉၶွင်တွၵ်ႉတိူဝ်ႇၸၢႆးဢွင်ႇထုၼ်း |
|
| General note |
S-SAT: Dr. Prof Sai Aung Tun |
| 650 ## - SUBJECT ADDED ENTRY--TOPICAL TERM |
| Topical term or geographic name entry element |
ထမ်းဝႆႈၽြႃး |
| 942 ## - ADDED ENTRY ELEMENTS (KOHA) |
| Koha item type |
Books (Long term) |
| 650 ## - SUBJECT ADDED ENTRY--TOPICAL TERM |
| 9 (RLIN) |
20673 |
|
| Source of classification or shelving scheme |
|